Julius Caesar (Record no. 68910)

000 -LEADER
fixed length control field 00424nam a22001697a 4500
003 - CONTROL NUMBER IDENTIFIER
control field NUST - PNEC
005 - DATE AND TIME OF LATEST TRANSACTION
control field 20170116181105.0
008 - FIXED-LENGTH DATA ELEMENTS--GENERAL INFORMATION
fixed length control field 151003b xxu||||| |||| 00| 0 eng d
020 ## - INTERNATIONAL STANDARD BOOK NUMBER
International Standard Book Number -
040 ## - CATALOGING SOURCE
Transcribing agency LIBRARY
082 ## - DEWEY DECIMAL CLASSIFICATION NUMBER
Classification number 822.33 SHA
100 ## - MAIN ENTRY--PERSONAL NAME
9 (RLIN) 12603
Personal name Shakespeare, William
245 ## - TITLE STATEMENT
Title Julius Caesar
Statement of responsibility, etc. William Shakespeare
260 ## - PUBLICATION, DISTRIBUTION, ETC.
Date of publication, distribution, etc. c.1966
650 ## - SUBJECT ADDED ENTRY--TOPICAL TERM
9 (RLIN) 12607
Topical term or geographic name entry element Caesar, Julius
General subdivision General books
942 ## - ADDED ENTRY ELEMENTS (KOHA)
Source of classification or shelving scheme
Koha item type Book
Holdings
Withdrawn status Lost status Source of classification or shelving scheme Damaged status Not for loan Permanent Location Current Location Shelving location Date acquired Total Checkouts Full call number Barcode Date last seen Price effective from Koha item type
          Pakistan Navy Engineering College (PNEC) Pakistan Navy Engineering College (PNEC)       822.33 SHA PNECLIB-003718 10/03/2015   Book
          Pakistan Navy Engineering College (PNEC) Pakistan Navy Engineering College (PNEC)       822.33 SHA PNECLIB-003716 10/03/2015   Book
          Pakistan Navy Engineering College (PNEC) Pakistan Navy Engineering College (PNEC)       822.33 SHA PNECLIB-003717 10/03/2015   Book
© 2023 Central Library, National University of Sciences and Technology. All Rights Reserved.